000 00521nam a2200205Ia 4500
005 20250508165047.0
008 008 250505s9999 xx 000 0 hin d
037 _aTextual
040 _aFEDL
_beng
_cFEDL
041 _ahin
_2hin
084 _a891.431, SIN
_qFEDL
100 _aBachchan Singh
245 0 _aBihari
260 _aNew Delhi, India
_bSahitya Akademi
_c1992
300 _a60p.
365 _aINR
_b15
546 _aMACESE
942 _cTEXL
_h891.431, SIN
999 _c1392901
_d1392901